000 00402pab a2200145 454500
008 180718b2012 xxu||||| |||| 00| 0 eng d
100 _aMead, David
245 _aOutcomes aren't all: Defending process-based review of public authority decisions under the human rights act
260 _c2012
300 _ap.61-84.
650 _aHuman rights
773 _aPublic Law
908 _aN
909 _a95019
999 _c95019
_d95019